Carthage - Culture générale - Statistiques

Statistiques générales
  • Ce quiz a été pris 663 fois
  • Le résultat moyen est 7 sur 15
Statistiques - réponses
Information Réponse % Correct
Pays actuel dans lequel se trouve Carthage Tunisie
97%
Stratège célèbre pour avoir traversé les Alpes avec des éléphants Hannibal
90%
Céréale beaucoup exportée vers Rome Blé
75%
Continent que Hannon le Navigateur a exploré Afrique
65%
Peuple commerçant à l'origine de la ville Phéniciens
63%
Reine légendaire qui aurait fondé la ville Didon
55%
Ville en Espagne faisant office de "Nouvelle Carthage" Carthagène
44%
Adjectif d'origine latine synonyme de "carthaginois" Punique
39%
Tribu germanique qui fonda son royaume à Carthage en 439 Vandales
39%
Père du susmentionné, également général Hamilcar
34%
Peuple réputé pour ses cavaliers aux frontières de Carthage Numides
30%
Bataille décisive (-202) qui mit fin à l'hégémonie carthaginoise Zama
29%
Roman historique de Gustave Flaubert qui se déroule dans la ville Salammbô
25%
Monnaie utilisée dans l'Antiquité (nom similaire à la devise israélienne) Shekel carthaginois
19%
Parmi les plus grands thermes de l'Antiquité Thermes d'{Antonin}
7%
Aucun quiz correspondant
Distribution des résultats
% des personnes avec chaque résultat
Percentile par nombre de réponses
Votre historique - résultats
Vous n’avez pas pris ce quiz